00557nam a2200181Ia 450000500170000000800410001702000150005808200130007310000210008624500520010726000580015930000160021765000120023365000140024594200060025995200950026599900150036020241120034040.0240331s9999 xx 000 0 und d a9555800561 bWICa900 aWickramasinghe,N 0aHistory writing :bnew trends and methodologies aColombobInternational Centre for Ethic Studiesc2001 aIX, 98 P ., aHistory aPolitical cL 001040708LaWERCLbWERCLcSSCd2024-03-31l0o 900 WICp6567r2024-03-31w2024-03-31yL c4963d4963